[Event "Team Championship Russia (Blitz, Men)"]
[Site "Sochi"]
[Date "2018.10.10"]
[Round "10.13"]
[White "Ponkratov, Pavel"]
[Black "Paravyan, David"]
[Result "1/2-1/2"]
[BlackElo "2634"]
[WhiteElo "2647"]
[LiveChessVersion "1.4.8"]

1. d4 {[%clk 0:03:02]} d5 {[%clk 0:03:03]} 2. c4 {[%clk 0:03:03]} c6
{[%clk 0:03:04]} 3. Nf3 {[%clk 0:03:04]} Nf6 {[%clk 0:03:06]} 4. Nc3
{[%clk 0:03:05]} dxc4 {[%clk 0:03:07]} 5. a4 {[%clk 0:03:06]} Bf5
{[%clk 0:03:08]} 6. Ne5 {[%clk 0:03:07]} Nbd7 {[%clk 0:03:10]} 7. Nxc4 Qc7 8. g3
e5 9. dxe5 {[%clk 0:03:05]} Nxe5 {[%clk 0:03:14]} 10. Bf4 {[%clk 0:03:06]} Nfd7
{[%clk 0:03:15]} 11. Bg2 {[%clk 0:02:56]} f6 {[%clk 0:03:15]} 12. O-O
{[%clk 0:02:45]} Rd8 {[%clk 0:03:17]} 13. Qc1 {[%clk 0:02:40]} Be6
{[%clk 0:03:18]} 14. Nxe5 {[%clk 0:02:30]} Nxe5 {[%clk 0:03:18]} 15. Qe3
{[%clk 0:02:23]} Qb6 {[%clk 0:03:08]} 16. Qxb6 {[%clk 0:02:13]} axb6
{[%clk 0:03:08]} 17. Bxe5 {[%clk 0:02:14]} fxe5 {[%clk 0:03:09]} 18. a5
{[%clk 0:02:15]} bxa5 {[%clk 0:02:15]} 19. Rxa5 {[%clk 0:02:16]} Bd6
{[%clk 0:02:07]} 20. Ne4 {[%clk 0:01:41]} Bc7 {[%clk 0:02:08]} 21. Ra4
{[%clk 0:01:41]} Ke7 {[%clk 0:01:20]} 22. Nc5 {[%clk 0:01:35]} Rd4
{[%clk 0:00:40]} 23. Rxd4 {[%clk 0:01:29]} exd4 {[%clk 0:00:41]} 24. Nxb7
{[%clk 0:01:28]} Bc4 {[%clk 0:00:16]} 25. Bxc6 {[%clk 0:01:13]} Bxe2
{[%clk 0:00:17]} 26. Re1 {[%clk 0:01:15]} d3 {[%clk 0:00:18]} 27. Bf3
{[%clk 0:01:16]} Rb8 {[%clk 0:00:13]} 28. Bxe2 {[%clk 0:01:16]} d2
{[%clk 0:00:15]} 29. Rd1 Rxb7 30. Rxd2 {[%clk 0:01:14]} Be5 {[%clk 0:00:18]} 31.
Bd3 {[%clk 0:01:13]} Rxb2 {[%clk 0:00:12]} 32. Rxb2 {[%clk 0:01:14]} Bxb2
{[%clk 0:00:13]} 33. Bxh7 {[%clk 0:01:15]} g5 {[%clk 0:00:13]} 34. Kg2
{[%clk 0:01:12]} Kf6 {[%clk 0:00:14]} 35. Bd3 {[%clk 0:01:11]} Bd4
{[%clk 0:00:15]} 36. f3 {[%clk 0:00:28]} Kg7 {[%clk 0:00:15]} 37. Kh3
{[%clk 0:00:28]} Kh6 {[%clk 0:00:05]} 38. Kg4 {[%clk 0:00:28]} Bf6
{[%clk 0:00:07]} 39. Kf5 {[%clk 0:00:26]} Bd8 {[%clk 0:00:08]} 40. Bf1
{[%clk 0:00:24]} Bc7 {[%clk 0:00:08]} 41. h4 {[%clk 0:00:17]} gxh4
{[%clk 0:00:04]} 42. g4 {[%clk 0:00:17]} Bh2 {[%clk 0:00:03]} 43. f4
{[%clk 0:00:17]} Kg7 {[%clk 0:00:04]} 44. g5 {[%clk 0:00:16]} Bg1
{[%clk 0:00:03]} 45. Kg4 {[%clk 0:00:15]} Bc5 {[%clk 0:00:03]} 46. Kxh4
{[%clk 0:00:11]} Bd6 {[%clk 0:00:04]} 47. Kg4 {[%clk 0:00:12]} Bc7
{[%clk 0:00:04]} 48. f5 {[%clk 0:00:12]} Bd8 {[%clk 0:00:06]} 49. Kf4
{[%clk 0:00:13]} Be7 {[%clk 0:00:07]} 50. Bc4 {[%clk 0:00:14]} Bd8
{[%clk 0:00:09]} 51. f6+ {[%clk 0:00:14]} Bxf6 {[%clk 0:00:10]} 52. gxf6+ Kxf6
{[%clk 0:00:11]} 1/2-1/2

[Event "Team Championship Russia (Blitz, Men)"]
[Site "Sochi"]
[Date "2018.10.10"]
[Round "10.14"]
[White "Antipov, Mikhail Al."]
[Black "Lysyj, Igor"]
[Result "0-1"]
[BlackElo "2575"]
[WhiteElo "2491"]
[LiveChessVersion "1.4.8"]

1. e4 {[%clk 0:03:03]} e5 {[%clk 0:03:03]} 2. Nf3 {[%clk 0:03:04]} Nc6
{[%clk 0:03:04]} 3. Bc4 {[%clk 0:03:05]} Bc5 {[%clk 0:03:05]} 4. b4
{[%clk 0:03:05]} Bxb4 {[%clk 0:03:04]} 5. c3 {[%clk 0:03:07]} Ba5
{[%clk 0:03:05]} 6. d4 {[%clk 0:03:04]} d6 {[%clk 0:03:06]} 7. Qb3
{[%clk 0:03:02]} Qd7 {[%clk 0:03:07]} 8. O-O {[%clk 0:03:02]} Bb6
{[%clk 0:03:06]} 9. Bb5 {[%clk 0:03:03]} a6 {[%clk 0:02:54]} 10. Ba4
{[%clk 0:03:04]} Ba7 {[%clk 0:02:52]} 11. Qb2 {[%clk 0:03:05]} b5
{[%clk 0:02:42]} 12. Bc2 {[%clk 0:03:07]} Nf6 {[%clk 0:02:39]} 13. a4
{[%clk 0:02:49]} O-O {[%clk 0:02:03]} 14. axb5 {[%clk 0:02:15]} axb5
{[%clk 0:02:05]} 15. Qxb5 {[%clk 0:01:50]} Nxd4 {[%clk 0:01:47]} 16. Nxd4
{[%clk 0:01:48]} exd4 {[%clk 0:01:48]} 17. Qd3 {[%clk 0:01:25]} Bb7
{[%clk 0:01:42]} 18. Nd2 {[%clk 0:00:50]} dxc3 {[%clk 0:00:52]} 19. Qxc3
{[%clk 0:00:51]} Qc6 {[%clk 0:00:44]} 20. Qd3 {[%clk 0:00:31]} Bxf2+
{[%clk 0:00:37]} 21. Kxf2 {[%clk 0:00:16]} Rxa1 {[%clk 0:00:37]} 22. Kg3
{[%clk 0:00:17]} Re8 {[%clk 0:00:31]} 23. Kh3 {[%clk 0:00:07]} Nxe4
{[%clk 0:00:24]} 24. Nf3 {[%clk 0:00:05]} Nf6 {[%clk 0:00:18]} 25. Nh4
{[%clk 0:00:04]} Qe4 {[%clk 0:00:15]} 26. Qd1 {[%clk 0:00:03]} Qd5
{[%clk 0:00:08]} 27. Nf5 Qxd1 {[%clk 0:00:08]} 28. Rxd1 {[%clk 0:00:04]} Be4
{[%clk 0:00:08]} 0-1

[Event "Team Championship Russia (Blitz, Men)"]
[Site "Sochi"]
[Date "2018.10.10"]
[Round "10.15"]
[White "Shcherbakov, Ruslan"]
[Black "Yuffa, Daniil"]
[Result "0-1"]
[BlackElo "2470"]
[WhiteElo "2501"]
[LiveChessVersion "1.4.8"]

1. e4 {[%clk 0:03:01]} Nf6 {[%clk 0:03:04]} 2. e5 Nd5 3. d4 {[%clk 0:03:03]} d6
{[%clk 0:03:06]} 4. c4 {[%clk 0:03:04]} Nb6 {[%clk 0:03:07]} 5. exd6
{[%clk 0:03:05]} cxd6 {[%clk 0:03:09]} 6. Nc3 {[%clk 0:03:01]} g6
{[%clk 0:03:10]} 7. Be3 {[%clk 0:03:02]} Bg7 {[%clk 0:03:11]} 8. Rc1
{[%clk 0:03:04]} O-O {[%clk 0:03:12]} 9. b3 {[%clk 0:03:03]} Bf5 {[%clk 0:03:12]}
10. Nf3 {[%clk 0:02:57]} d5 {[%clk 0:03:13]} 11. c5 {[%clk 0:02:39]} Nc8
{[%clk 0:03:14]} 12. b4 {[%clk 0:02:22]} Bg4 {[%clk 0:03:08]} 13. Be2
{[%clk 0:02:20]} e6 {[%clk 0:03:09]} 14. O-O {[%clk 0:02:16]} Ne7
{[%clk 0:03:10]} 15. h3 {[%clk 0:01:48]} Bxf3 16. Bxf3 Nf5 {[%clk 0:03:11]} 17.
Bg4 {[%clk 0:01:22]} Nxe3 {[%clk 0:03:11]} 18. fxe3 {[%clk 0:01:24]} Qg5
{[%clk 0:02:50]} 19. Qd3 {[%clk 0:01:18]} a6 {[%clk 0:02:34]} 20. Rcd1
{[%clk 0:01:06]} Nc6 {[%clk 0:02:34]} 21. a3 {[%clk 0:01:04]} Rad8
{[%clk 0:02:33]} 22. Bf3 {[%clk 0:00:49]} e5 {[%clk 0:02:20]} 23. Nxd5
{[%clk 0:00:38]} exd4 {[%clk 0:02:17]} 24. e4 {[%clk 0:00:18]} Ne5
{[%clk 0:02:05]} 25. Qd2 {[%clk 0:00:17]} Qg3 {[%clk 0:01:52]} 26. Qf2
{[%clk 0:00:14]} Qg5 {[%clk 0:01:45]} 27. h4 {[%clk 0:00:15]} Qh6
{[%clk 0:01:45]} 28. g3 {[%clk 0:00:14]} Kh8 {[%clk 0:01:41]} 29. Kg2
{[%clk 0:00:12]} f5 {[%clk 0:01:42]} 30. Qe2 {[%clk 0:00:08]} d3 {[%clk 0:01:42]}
31. Rxd3 {[%clk 0:00:09]} Nxd3 {[%clk 0:01:39]} 32. Qxd3 {[%clk 0:00:10]} fxe4
{[%clk 0:01:37]} 33. Qxe4 {[%clk 0:00:12]} Qd2+ {[%clk 0:01:20]} 34. Rf2
{[%clk 0:00:13]} Qc1 {[%clk 0:01:17]} 35. h5 {[%clk 0:00:13]} gxh5
{[%clk 0:01:12]} 36. a4 {[%clk 0:00:13]} Rde8 {[%clk 0:01:11]} 37. Qc2
{[%clk 0:00:10]} Qg5 {[%clk 0:01:07]} 38. Qd2 {[%clk 0:00:10]} Qf5
{[%clk 0:00:51]} 39. Qc2 {[%clk 0:00:08]} Qe5 {[%clk 0:00:39]} 40. Qd3
{[%clk 0:00:06]} h4 {[%clk 0:00:34]} 41. gxh4 {[%clk 0:00:07]} Rg8
{[%clk 0:00:35]} 42. Kh3 {[%clk 0:00:04]} Bf6 {[%clk 0:00:29]} 43. Bg4
{[%clk 0:00:05]} Bxh4 {[%clk 0:00:25]} 44. Qc3 {[%clk 0:00:06]} Qxc3+
{[%clk 0:00:25]} 45. Nxc3 {[%clk 0:00:07]} Bxf2 0-1

[Event "Team Championship Russia (Blitz, Men)"]
[Site "Sochi"]
[Date "2018.10.10"]
[Round "10.16"]
[White "Kryakvin, Dmitry"]
[Black "Gutenev, Alexander"]
[Result "0-1"]
[BlackElo "2440"]
[WhiteElo "2468"]
[LiveChessVersion "1.4.8"]

1. c4 {[%clk 0:03:02]} Nf6 {[%clk 0:03:03]} 2. Nc3 d5 3. cxd5 {[%clk 0:03:04]}
Nxd5 {[%clk 0:03:06]} 4. g3 {[%clk 0:03:05]} g6 {[%clk 0:03:07]} 5. Bg2
{[%clk 0:03:07]} Nxc3 {[%clk 0:03:08]} 6. bxc3 {[%clk 0:03:08]} Bg7
{[%clk 0:03:09]} 7. Nf3 {[%clk 0:03:09]} O-O {[%clk 0:03:05]} 8. O-O
{[%clk 0:03:09]} c5 {[%clk 0:03:04]} 9. Rb1 {[%clk 0:03:07]} Nc6 {[%clk 0:03:04]}
10. Qa4 {[%clk 0:02:55]} Qd7 {[%clk 0:02:50]} 11. Qa3 {[%clk 0:02:43]} b6
{[%clk 0:02:47]} 12. d4 {[%clk 0:02:39]} cxd4 {[%clk 0:02:42]} 13. cxd4
{[%clk 0:02:39]} Bb7 {[%clk 0:02:40]} 14. Rd1 {[%clk 0:02:32]} Rfd8
{[%clk 0:02:18]} 15. Bg5 {[%clk 0:02:31]} h6 {[%clk 0:02:13]} 16. Bf4
{[%clk 0:02:24]} Qe6 {[%clk 0:02:07]} 17. d5 {[%clk 0:01:45]} Rxd5
{[%clk 0:02:01]} 18. Rxd5 {[%clk 0:01:46]} Qxd5 {[%clk 0:02:02]} 19. Ne5
{[%clk 0:01:47]} Qa5 {[%clk 0:01:03]} 20. Qxa5 {[%clk 0:00:50]} Nxa5
{[%clk 0:01:04]} 21. Bxb7 {[%clk 0:00:47]} Nxb7 {[%clk 0:01:06]} 22. Nc6
{[%clk 0:00:40]} Kf8 {[%clk 0:01:02]} 23. Rd1 {[%clk 0:00:31]} Ke8
{[%clk 0:00:46]} 24. h4 {[%clk 0:00:27]} Nd8 {[%clk 0:00:34]} 25. Nb4
{[%clk 0:00:23]} Rc8 {[%clk 0:00:31]} 26. Nd5 {[%clk 0:00:24]} Ne6
{[%clk 0:00:28]} 27. Be3 {[%clk 0:00:19]} Rc2 {[%clk 0:00:25]} 28. a4
{[%clk 0:00:08]} Ra2 {[%clk 0:00:26]} 29. Rc1 {[%clk 0:00:09]} Ra1
{[%clk 0:00:14]} 30. Rxa1 {[%clk 0:00:10]} Bxa1 {[%clk 0:00:15]} 31. Bxh6
{[%clk 0:00:10]} Nc5 {[%clk 0:00:14]} 32. a5 {[%clk 0:00:07]} bxa5
{[%clk 0:00:10]} 33. Be3 {[%clk 0:00:09]} Ne4 {[%clk 0:00:07]} 34. Bxa7
{[%clk 0:00:09]} e6 {[%clk 0:00:07]} 35. Ne3 {[%clk 0:00:08]} a4 36. Nc4 Nc3
{[%clk 0:00:05]} 37. Kf1 {[%clk 0:00:09]} Nb5 {[%clk 0:00:06]} 38. Bc5
{[%clk 0:00:09]} Bc3 {[%clk 0:00:05]} 39. g4 {[%clk 0:00:10]} Bg7
{[%clk 0:00:05]} 40. h5 {[%clk 0:00:10]} gxh5 41. gxh5 Bf8 {[%clk 0:00:07]} 42.
Bxf8 {[%clk 0:00:07]} Kxf8 {[%clk 0:00:09]} 43. Kg2 {[%clk 0:00:08]} a3
{[%clk 0:00:10]} 44. Na5 {[%clk 0:00:08]} Nd4 {[%clk 0:00:10]} 45. e3
{[%clk 0:00:05]} a2 {[%clk 0:00:11]} 0-1

[Event "Team Championship Russia (Blitz, Men)"]
[Site "Sochi"]
[Date "2018.10.10"]
[Round "10.17"]
[White "Potapov, Pavel"]
[Black "Ozgibcev, Anatoly"]
[Result "1-0"]
[BlackElo "2353"]
[WhiteElo "2459"]
[LiveChessVersion "1.4.8"]

1. e4 {[%clk 0:03:03]} e5 {[%clk 0:03:03]} 2. Nf3 Nc6 3. Bb5 {[%clk 0:03:04]}
Nge7 {[%clk 0:03:04]} 4. O-O {[%clk 0:03:03]} g6 {[%clk 0:03:04]} 5. c3
{[%clk 0:03:04]} Bg7 {[%clk 0:03:05]} 6. d4 {[%clk 0:03:04]} exd4
{[%clk 0:03:06]} 7. cxd4 {[%clk 0:03:05]} d5 {[%clk 0:03:06]} 8. e5
{[%clk 0:03:02]} O-O {[%clk 0:03:06]} 9. h3 {[%clk 0:03:01]} f6 {[%clk 0:02:51]}
10. exf6 {[%clk 0:02:56]} Bxf6 {[%clk 0:02:51]} 11. Nc3 {[%clk 0:02:53]} Nf5
{[%clk 0:02:44]} 12. Bxc6 {[%clk 0:02:38]} bxc6 {[%clk 0:02:45]} 13. Na4
{[%clk 0:02:34]} Qe7 {[%clk 0:02:33]} 14. a3 {[%clk 0:02:26]} Qg7
{[%clk 0:02:29]} 15. Be3 {[%clk 0:02:26]} Re8 {[%clk 0:02:24]} 16. Qd2
{[%clk 0:02:20]} Nd6 {[%clk 0:02:14]} 17. Nc5 {[%clk 0:02:15]} Bf5
{[%clk 0:02:05]} 18. Rac1 {[%clk 0:02:11]} Rab8 {[%clk 0:02:00]} 19. b4
{[%clk 0:02:09]} Nc4 {[%clk 0:01:49]} 20. Qc3 {[%clk 0:02:06]} Qe7
{[%clk 0:01:35]} 21. Rfe1 {[%clk 0:01:58]} Qd6 {[%clk 0:01:34]} 22. Bg5
{[%clk 0:01:41]} Bg7 {[%clk 0:01:31]} 23. Nd2 {[%clk 0:01:34]} Nb6
{[%clk 0:01:10]} 24. a4 {[%clk 0:01:30]} Nd7 {[%clk 0:01:07]} 25. Ndb3
{[%clk 0:01:30]} Nxc5 {[%clk 0:01:04]} 26. Nxc5 {[%clk 0:01:28]} h6
{[%clk 0:00:56]} 27. Bd2 {[%clk 0:01:22]} g5 {[%clk 0:00:55]} 28. Na6
{[%clk 0:01:14]} Rbc8 {[%clk 0:00:47]} 29. Rxe8+ {[%clk 0:01:03]} Rxe8
{[%clk 0:00:48]} 30. Be3 {[%clk 0:01:03]} Bd7 {[%clk 0:00:39]} 31. Nc5
{[%clk 0:01:00]} Bc8 {[%clk 0:00:38]} 32. Nb3 {[%clk 0:00:49]} Bd7
{[%clk 0:00:39]} 33. Na5 {[%clk 0:00:46]} Re6 {[%clk 0:00:38]} 34. Nb7
{[%clk 0:00:46]} Qe7 {[%clk 0:00:37]} 35. Nc5 {[%clk 0:00:46]} Rd6
{[%clk 0:00:35]} 36. Nxd7 {[%clk 0:00:41]} Qxd7 {[%clk 0:00:35]} 37. Qc5
{[%clk 0:00:42]} a6 {[%clk 0:00:25]} 38. Qa7 {[%clk 0:00:40]} Qc8
{[%clk 0:00:25]} 39. Rc5 {[%clk 0:00:34]} g4 {[%clk 0:00:20]} 40. hxg4
{[%clk 0:00:31]} Qxg4 {[%clk 0:00:21]} 41. Qa8+ {[%clk 0:00:24]} Kh7
{[%clk 0:00:21]} 42. Qxa6 {[%clk 0:00:23]} Qd1+ {[%clk 0:00:21]} 43. Qf1
{[%clk 0:00:22]} Qxa4 {[%clk 0:00:22]} 44. Qb1+ {[%clk 0:00:19]} Kg8
{[%clk 0:00:21]} 45. Ra5 {[%clk 0:00:20]} 1-0

[Event "Team Championship Russia (Blitz, Men)"]
[Site "Sochi"]
[Date "2018.10.10"]
[Round "10.20"]
[White "Pogromsky, Mikhail"]
[Black "Savitskiy, Sergey"]
[Result "1-0"]
[BlackElo "2283"]
[WhiteElo "2462"]
[LiveChessVersion "1.4.8"]

1. Nf3 {[%clk 0:03:03]} Nf6 {[%clk 0:03:03]} 2. c4 {[%clk 0:03:04]} g6
{[%clk 0:03:05]} 3. Nc3 {[%clk 0:03:06]} Bg7 {[%clk 0:03:06]} 4. d4
{[%clk 0:03:07]} O-O {[%clk 0:03:07]} 5. h3 {[%clk 0:03:08]} d6 {[%clk 0:03:06]}
6. Bg5 {[%clk 0:03:08]} c5 {[%clk 0:02:55]} 7. d5 {[%clk 0:03:09]} b5
{[%clk 0:02:42]} 8. cxb5 {[%clk 0:03:10]} a6 {[%clk 0:02:43]} 9. e3
{[%clk 0:03:04]} Bb7 {[%clk 0:02:36]} 10. a4 {[%clk 0:02:34]} Nbd7
{[%clk 0:02:29]} 11. Be2 {[%clk 0:02:29]} axb5 {[%clk 0:02:18]} 12. Bxb5
{[%clk 0:02:27]} h6 {[%clk 0:02:09]} 13. Bf4 {[%clk 0:02:15]} Nb6
{[%clk 0:01:23]} 14. e4 {[%clk 0:02:16]} Nxe4 {[%clk 0:01:10]} 15. Nxe4
{[%clk 0:02:15]} Nxd5 {[%clk 0:01:10]} 16. Bd2 {[%clk 0:02:09]} Nc7
{[%clk 0:01:11]} 17. Nc3 {[%clk 0:02:00]} Nxb5 {[%clk 0:01:11]} 18. axb5
{[%clk 0:01:58]} e5 {[%clk 0:01:09]} 19. Be3 {[%clk 0:01:38]} f5 {[%clk 0:00:54]}
20. Rxa8 {[%clk 0:01:35]} Bxa8 {[%clk 0:00:54]} 21. O-O {[%clk 0:01:26]} f4
{[%clk 0:00:56]} 22. Bc1 {[%clk 0:01:27]} e4 {[%clk 0:00:45]} 23. Nd2
{[%clk 0:01:02]} d5 {[%clk 0:00:46]} 24. Re1 {[%clk 0:01:03]} Kh8 25. Ndxe4
{[%clk 0:00:44]} dxe4 {[%clk 0:00:35]} 26. Qxd8 {[%clk 0:00:46]} Rxd8
{[%clk 0:00:37]} 27. Bxf4 {[%clk 0:00:47]} g5 {[%clk 0:00:32]} 28. Be3
{[%clk 0:00:47]} c4 {[%clk 0:00:23]} 29. Ra1 {[%clk 0:00:45]} Bb7
{[%clk 0:00:08]} 30. Ra7 {[%clk 0:00:43]} Rd7 {[%clk 0:00:09]} 31. b6
{[%clk 0:00:32]} Bxc3 {[%clk 0:00:08]} 32. bxc3 {[%clk 0:00:32]} Kg7
{[%clk 0:00:09]} 33. Bd4+ {[%clk 0:00:31]} Kg6 {[%clk 0:00:07]} 34. g4
{[%clk 0:00:30]} h5 {[%clk 0:00:08]} 35. Kf1 {[%clk 0:00:28]} hxg4
{[%clk 0:00:09]} 36. hxg4 {[%clk 0:00:30]} Kf7 {[%clk 0:00:10]} 37. Ke2
{[%clk 0:00:30]} Ke6 {[%clk 0:00:09]} 38. Ke3 {[%clk 0:00:29]} Bc6
{[%clk 0:00:09]} 39. Rxd7 {[%clk 0:00:21]} Kxd7 {[%clk 0:00:10]} 40. Bf6
{[%clk 0:00:22]} Bd5 {[%clk 0:00:05]} 41. Bxg5 {[%clk 0:00:23]} Kc6
{[%clk 0:00:06]} 42. Bd8 {[%clk 0:00:23]} Kd7 {[%clk 0:00:03]} 43. Bc7
{[%clk 0:00:24]} Ke6 {[%clk 0:00:04]} 44. Kd4 {[%clk 0:00:22]} 1-0

[Event "Team Championship Russia (Blitz, Men)"]
[Site "Sochi"]
[Date "2018.10.10"]
[Round "10.21"]
[White "Artemiev, Vladislav"]
[Black "Kretov, Evgenij"]
[Result "1-0"]
[BlackElo "2355"]
[WhiteElo "2849"]
[LiveChessVersion "1.4.8"]

1. e4 {[%clk 0:02:59]} c5 {[%clk 0:03:03]} 2. Nf3 {[%clk 0:02:58]} Nc6
{[%clk 0:03:04]} 3. Bb5 {[%clk 0:02:59]} a6 {[%clk 0:03:06]} 4. Bxc6
{[%clk 0:02:59]} dxc6 {[%clk 0:03:07]} 5. d3 {[%clk 0:02:56]} Qc7
{[%clk 0:03:07]} 6. a4 {[%clk 0:02:51]} a5 {[%clk 0:03:09]} 7. Na3
{[%clk 0:02:50]} e5 {[%clk 0:03:09]} 8. Nc4 {[%clk 0:02:50]} Bd6 {[%clk 0:03:10]}
9. O-O {[%clk 0:02:38]} Ne7 {[%clk 0:03:10]} 10. Nh4 {[%clk 0:02:32]} O-O
{[%clk 0:02:51]} 11. Qh5 {[%clk 0:02:29]} Be6 {[%clk 0:02:03]} 12. Bd2
{[%clk 0:02:29]} b6 {[%clk 0:01:36]} 13. Rae1 {[%clk 0:02:24]} f6
{[%clk 0:01:23]} 14. Re3 {[%clk 0:02:25]} Bf7 {[%clk 0:01:12]} 15. Qg4
{[%clk 0:02:21]} Rfd8 {[%clk 0:01:06]} 16. Rg3 {[%clk 0:02:17]} g6
{[%clk 0:00:48]} 17. Qf3 {[%clk 0:01:40]} Kg7 {[%clk 0:00:45]} 18. Bh6+
{[%clk 0:01:36]} Kxh6 {[%clk 0:00:16]} 19. Qxf6 {[%clk 0:01:36]} Rf8
{[%clk 0:00:05]} 20. Nf5+ {[%clk 0:01:36]} Nxf5 {[%clk 0:00:04]} 1-0

[Event "Team Championship Russia (Blitz, Men)"]
[Site "Sochi"]
[Date "2018.10.10"]
[Round "10.23"]
[White "Timofeev, Artyom"]
[Black "Okun, Evgeny"]
[Result "1-0"]
[BlackElo "2197"]
[WhiteElo "2610"]
[LiveChessVersion "1.4.8"]

1. c4 {[%clk 0:03:03]} e5 {[%clk 0:03:03]} 2. Nc3 {[%clk 0:03:04]} Nc6
{[%clk 0:03:04]} 3. Nf3 {[%clk 0:03:03]} Bb4 {[%clk 0:03:01]} 4. d3
{[%clk 0:02:58]} Nf6 {[%clk 0:02:55]} 5. Bd2 {[%clk 0:02:58]} Bc5
{[%clk 0:02:51]} 6. e3 {[%clk 0:02:57]} a6 {[%clk 0:02:50]} 7. Nd5
{[%clk 0:02:47]} Ba7 {[%clk 0:02:39]} 8. Bc3 {[%clk 0:02:46]} d6 {[%clk 0:02:40]}
9. Nxf6+ {[%clk 0:02:24]} Qxf6 {[%clk 0:02:38]} 10. Be2 {[%clk 0:02:24]} Qe7
{[%clk 0:02:26]} 11. d4 {[%clk 0:02:19]} e4 {[%clk 0:02:00]} 12. Nd2
{[%clk 0:02:17]} f5 {[%clk 0:01:59]} 13. g3 {[%clk 0:02:12]} Bd7 {[%clk 0:01:47]}
14. Qb3 {[%clk 0:02:10]} O-O-O {[%clk 0:01:37]} 15. h4 {[%clk 0:02:09]} g6
{[%clk 0:01:36]} 16. O-O-O {[%clk 0:02:09]} Rhg8 {[%clk 0:01:23]} 17. Kb1
{[%clk 0:02:08]} Bb6 {[%clk 0:01:12]} 18. a3 {[%clk 0:02:06]} Na5
{[%clk 0:01:07]} 19. Qc2 {[%clk 0:02:06]} Qe8 {[%clk 0:00:42]} 20. d5
{[%clk 0:01:59]} c5 {[%clk 0:00:17]} 21. Bf6 {[%clk 0:01:47]} Bc7
{[%clk 0:00:14]} 22. b4 {[%clk 0:01:33]} Ba4 {[%clk 0:00:12]} 23. Qb2
{[%clk 0:01:34]} Bxd1 {[%clk 0:00:08]} 24. Rxd1 {[%clk 0:01:35]} cxb4 25. axb4
{[%clk 0:01:36]} Kb8 {[%clk 0:00:05]} 26. Bxd8 {[%clk 0:01:33]} Qxd8
{[%clk 0:00:06]} 27. bxa5 {[%clk 0:01:34]} Bxa5 {[%clk 0:00:07]} 28. Nb3
{[%clk 0:01:35]} Bc7 {[%clk 0:00:08]} 29. Nd4 {[%clk 0:01:35]} Qe8
{[%clk 0:00:04]} 30. Ne6 {[%clk 0:01:33]} Qa4 {[%clk 0:00:05]} 31. Rc1
{[%clk 0:01:25]} Ba5 {[%clk 0:00:05]} 32. Bd1 {[%clk 0:01:22]} Qd7
{[%clk 0:00:05]} 33. c5 {[%clk 0:01:21]} dxc5 {[%clk 0:00:03]} 34. Nxc5
{[%clk 0:01:22]} 1-0

[Event "Team Championship Russia (Blitz, Men)"]
[Site "Sochi"]
[Date "2018.10.10"]
[Round "10.24"]
[White "Kostin, Alexey"]
[Black "Sharafiev, Azat"]
[Result "1/2-1/2"]
[BlackElo "2435"]
[WhiteElo "2314"]
[LiveChessVersion "1.4.8"]

1. e4 {[%clk 0:03:03]} Nc6 {[%clk 0:03:03]} 2. d4 {[%clk 0:03:04]} d5
{[%clk 0:03:04]} 3. exd5 {[%clk 0:03:04]} Qxd5 {[%clk 0:03:05]} 4. Be3
{[%clk 0:03:06]} e5 {[%clk 0:03:03]} 5. c4 {[%clk 0:03:07]} Qd8 {[%clk 0:02:38]}
6. d5 {[%clk 0:03:04]} Bb4+ {[%clk 0:02:37]} 7. Bd2 {[%clk 0:02:58]} Bxd2+
{[%clk 0:02:37]} 8. Qxd2 {[%clk 0:02:56]} Nd4 {[%clk 0:02:36]} 9. Ne2
{[%clk 0:02:55]} Nxe2 {[%clk 0:02:27]} 10. Bxe2 {[%clk 0:02:56]} Ne7
{[%clk 0:02:28]} 11. O-O {[%clk 0:02:54]} O-O {[%clk 0:02:28]} 12. Nc3
{[%clk 0:02:55]} Nf5 {[%clk 0:02:13]} 13. Bg4 {[%clk 0:02:42]} b6
{[%clk 0:02:06]} 14. Rfe1 {[%clk 0:02:34]} Nd6 {[%clk 0:02:02]} 15. Bxc8
{[%clk 0:02:27]} Rxc8 {[%clk 0:02:03]} 16. b3 {[%clk 0:02:28]} Re8
{[%clk 0:02:04]} 17. Ne4 {[%clk 0:02:13]} h6 {[%clk 0:01:48]} 18. c5
{[%clk 0:02:02]} Nxe4 {[%clk 0:01:45]} 19. Rxe4 {[%clk 0:02:03]} bxc5
{[%clk 0:01:46]} 20. Rc4 {[%clk 0:01:52]} c6 {[%clk 0:00:59]} 21. d6
{[%clk 0:01:50]} Re6 {[%clk 0:01:00]} 22. Rd1 {[%clk 0:01:49]} Qb6
{[%clk 0:01:01]} 23. h3 {[%clk 0:01:28]} Rd8 {[%clk 0:01:00]} 24. Qe3
{[%clk 0:01:28]} f6 {[%clk 0:00:42]} 25. d7 {[%clk 0:01:21]} Re7 {[%clk 0:00:35]}
26. Qd3 {[%clk 0:01:03]} Qc7 {[%clk 0:00:32]} 27. Rxc5 {[%clk 0:00:56]} Rexd7
{[%clk 0:00:28]} 28. Qc4+ {[%clk 0:00:57]} Kh8 {[%clk 0:00:28]} 29. Rxd7
{[%clk 0:00:55]} Qxd7 {[%clk 0:00:29]} 30. Rxc6 {[%clk 0:00:53]} Qd1+
{[%clk 0:00:28]} 31. Kh2 {[%clk 0:00:54]} Qd2 {[%clk 0:00:26]} 32. Rc8
{[%clk 0:00:51]} Rxc8 {[%clk 0:00:22]} 33. Qxc8+ {[%clk 0:00:51]} Kh7
{[%clk 0:00:23]} 34. Qf5+ {[%clk 0:00:51]} Kh8 {[%clk 0:00:24]} 35. a4
{[%clk 0:00:36]} Qb4 {[%clk 0:00:21]} 36. Qc8+ {[%clk 0:00:33]} Kh7
{[%clk 0:00:22]} 37. Qc4 {[%clk 0:00:33]} Qb6 {[%clk 0:00:20]} 38. f3
{[%clk 0:00:25]} a5 {[%clk 0:00:20]} 39. Qd3+ {[%clk 0:00:22]} Kh8
{[%clk 0:00:21]} 40. Qb5 {[%clk 0:00:23]} Qc7 {[%clk 0:00:21]} 41. Qc4
{[%clk 0:00:12]} 1/2-1/2